000 01090nam a2200313 a 4500
001 C01468237c-X
003 CO-ViMGA
005 20230915234406.0
008 141223s2014 sp a jr 000 0 spa d
020 _a9789581414697
040 _aCO-ViMGA
_bspa
_cCO-ViMGA
041 1 _bhol
043 _ae-ne---
090 _aC VER5
100 1 _aVerroen, Dolf,
_d1928-
_97925
245 1 3 _aEl oso en el parque de juegos /
_cDolf Verroen & Wolf Erlbruch ; traducción de Laura Serrano.
260 _aBogotá :
_bPlaza & Janés
300 _a[24] páginas :
_bilustraciones ;
_c26 cm.
490 _aPlan Nacional de Lectura y Escritura Leer es mi Cuento / Ministerio de Cultura
500 _aDe 6 A 8 Años
534 _pTítulo original :
_tDe beer in de speeltuin.
650 1 4 _aCuentos infantiles holandeses.
_91941
650 1 4 _aLibros ilustrados para niños.
_987
650 1 4 _aOsos
_v Cuentos infantiles.
_9555
650 1 4 _aParques
_v Cuentos infantiles.
_97926
700 1 _aErlbruch, Wolf,
_d1948-
_97927
700 1 _aSerrano, Laura,
_etraductora.
_97928
942 _2ddc
_cBK
999 _c7687
_d7687